000 01006nac a22002651u 4500
010 _a 2001037513
020 _a0750653965 (v.1 : alk. paper)
020 _a0750653973 (v.2 : alk. paper)
020 _a0750653981 (v.5)
082 0 0 _a623.81
_bRAW
090 _c5971
_d5971
100 _aRawson, K. J.
245 1 0 _aBasic ship theory /
_cK.J. Rawson, E.C. Tupper.
250 _a5th ed. [combined volume]
260 _aBoston :
_bButterworth-Heinemann,c.2001.
_cc.2001.
300 _axxviii, 727 p. :
_bill. ;
_c25 cm.
500 _aDistributer: Al-Ahram.
504 _aIncludes bibliographical references (p. 705-708) and index.
511 _aCatalogued By: Mahitab.
650 0 _aNaval architecture.
700 1 _aTupper, E. C.
856 4 1 _3Table of contents only
_uhttp://www.loc.gov/catdir/toc/els031/2001037513.html
856 4 1 _3Publisher description
_uhttp://www.loc.gov/catdir/enhancements/fy0612/2001037513-d.html
942 _cBB
_k623.81RAW
999 _c5971
_d5971